000 004450000a22001810004500
003 MACL
005 20150823160935.0
008 150823b xxu||||| |||| 00| 0 eng d
040 _aMACL
_cMACL
041 _aEnglish
082 _a658/CHE
100 _aCheema, Col D S
_97195
245 _aManaging Without MBA
260 _bAbhishek Publications
_c2005
_aNew Delhi
350 _a395
650 _aManagement
_97196
942 _cBK
_k658/CHE
_2ddc
999 _c42652
_d42652